Countries that Start with G - Shape Quiz - Statistics

General Stats
  • This quiz has been taken 6,666 times
    6,212 since last reset
  • The average score is 9 of 11
Answer Stats
Country % Correct
Greece
97%
Germany
94%
Gambia
91%
Guinea
84%
Gabon
83%
Ghana
83%
Guatemala
81%
Grenada
78%
Guinea-Bissau
78%
Guyana
78%
Georgia
77%
No matching quizzes found
Score Distribution
Percent of People with Each Score
Percentile by Number Answered
Your Score History
You have not taken this quiz since the last reset